| 000 | 01424nam a2200361 i 4500 | ||
|---|---|---|---|
| 001 | 000029813 | ||
| 003 | DO-SdBNP | ||
| 005 | 20241011113843.0 | ||
| 007 | ta | ||
| 008 | 110426s2010 dr 001 0bspa d | ||
| 020 | _a9789945462258 | ||
| 040 |
_aDO-SdBNP _bspa _cBNPHU _erda |
||
| 082 | 4 |
_a923.31 _bB142c, 2010 _222 |
|
| 100 | 1 |
_aCassá, Roberto, _d1948- _910888 _4aut. _eautor |
|
| 245 | 1 | 0 |
_aMauricio Báez : _blider del proletariado / _cRoberto Cassá. |
| 250 | _aSegunda edición | ||
| 264 |
_aSanto Domingo : _bClub Deportivo y Cultural Mauricio Báez, _bComisión Permanente de Efemérides Patrias, _c2010. |
||
| 300 |
_a62 páginas : _bilustraciones, retratos ; _c23 cm. |
||
| 336 |
_atexto _btxt _2rdacontent |
||
| 337 |
_asin mediación _bn _2rdamedia |
||
| 338 |
_avolumen _bnc _2rdacarrier |
||
| 500 | _aIncluye índice onomástico. | ||
| 500 | _aIncluye datos biográficos del autor en la solapa de la cubierta. | ||
| 500 | _aComisión de Conmemoración del Centenario del Natalicio de Mauricio Báez. | ||
| 504 | _aBibliografía : p. 60 | ||
| 590 | _aInventariado, 2024/BT | ||
| 600 | 1 | 4 |
_aBáez, Mauricio _d1910-1950 _951822 |
| 650 | 4 |
_aLíderes obreros _zRepública Dominicana _951823 |
|
| 650 | 4 |
_aTrabajo y trabajadores _zRepública Dominicana _97272 |
|
| 650 | 4 |
_aSindicatos _xActividad política _zRepública Dominicana _951824 |
|
| 910 | _aValidado. Control de calidad EMS. | ||
| 942 |
_2ddc _cLBS1 |
||
| 999 |
_c29305 _d29305 |
||